000 00672nam a22002177a 4500
003 UA-OsUOA
001 80150
007 ta
008 20111130b un ||||| |||| 00| 0 ukr d
100 _aШірінян Л.В.
090 _a330(477)
_bШ65
942 _cSA
040 _aUA-OsUOA
_bukr
_cUA-OsUOA
_dUA-OsUOA
245 _aКомлексна оцінка конкурентного середовища на ринку страхових послуг України
300 _aС.73-85
955 _a0
041 _aukr
080 _a330(477)
773 0 _w80143
_tФінанси України
_dК.
_d2011
_g7
650 7 _a330 Економіка взагалі
_2UDC
999 _c366469
_d366469